| 000 | 01504nam a2200349 a 4500 | ||
|---|---|---|---|
| 001 | ebr10285191 | ||
| 003 | CaPaEBR | ||
| 006 | m u | ||
| 007 | cr cn||||||||| | ||
| 008 | 070403s2006 enk sb 001 0 eng d | ||
| 010 | _z 2007273492 | ||
| 015 |
_aGBA654230 _2bnb |
||
| 016 | 7 |
_z013490299 _2Uk |
|
| 020 | _z082649241X (pbk.) | ||
| 020 | _z9780826492418 (pbk.) | ||
| 040 |
_aCaPaEBR _cCaPaEBR |
||
| 035 | _a(OCoLC)317885926 | ||
| 050 | 1 | 4 |
_aBT160 _b.D38 2006eb |
| 082 | 0 | 4 |
_a231.8 _222 |
| 100 | 1 |
_aDavies, Brian, _d1951- |
|
| 245 | 1 | 4 |
_aThe reality of God and the problem of evil _h[electronic resource] / _cBrian Davies. |
| 260 |
_aLondon ; _aNew York : _bContinuum, _c2006. |
||
| 300 | _a264 p. | ||
| 504 | _aIncludes bibliographical references (p. 256-260) and index. | ||
| 505 | 0 | _aThe problem of evil -- God the creator -- Identifying God -- God's moral standing -- How not to exonerate God : I -- How not to exonerate God : II -- Evil, causation and God -- Goodness, love and reasons -- God, evil and goodness -- Appendix: Is God morally indifferent? | |
| 533 |
_aElectronic reproduction. _bPalo Alto, Calif. : _cebrary, _d2013. _nAvailable via World Wide Web. _nAccess may be limited to ebrary affiliated libraries. |
||
| 650 | 0 | _aTheodicy. | |
| 650 | 0 | _aGood and evil. | |
| 655 | 7 |
_aElectronic books. _2local |
|
| 710 | 2 | _aebrary, Inc. | |
| 856 | 4 | 0 |
_uhttp://site.ebrary.com/lib/rucke/Doc?id=10285191 _zAn electronic book accessible through the World Wide Web; click to view |
| 999 |
_c1848 _d1848 |
||